000 00385nam a22001337a 4500
999 _c18241
_d18241
008 200227b xxu||||| |||| 00| 0 eng d
020 _a1433549654
050 _aBJ1251
_b.G78 2018 c.1
100 _aGrudem, Wayne
245 _aChristian Ethics
_bAn introduction to Biblical Moral Reasoning
_cWayne Grudem
260 _aIllinois
_bCrossway
_c2018
300 _a1296p.
942 _2lcc
_cBK